Catalog

Record Details

Catalog Search



Available copies

  • 2 of 2 copies available at LARL/NWRL Consortium.
  • 1 of 1 copy available at Lake Agassiz Regional Library. (Show preferred library)

Current holds

0 current holds with 2 total copies.

Show Only Available Copies
Location Call Number / Copy Notes Barcode Shelving Location Status Due Date
Breckenridge Public Library Y ZEL (Text) 33500014272520 New Available -
Thief River Falls Public Library ya ZEL (Text) 35500006871576 Main Available -

Record details

  • ISBN: 9781646145027
  • ISBN: 164614502X
  • Physical Description: 331 pages ; 24 cm.
  • Publisher: Montclair, NJ : Levine Querido, 2025.

Content descriptions

Summary, etc.:
"Grace Woodhouse has left a lot behind. She used ... Read More
Subject: Transgender athletes > Fiction.
Transgender people > Fiction.
Football players > Fiction.
Transgender athletes > Juvenile fiction.
Transgender people > Juvenile fiction.
Transgender people > Fiction.
Athletes > Fiction.
Football players > Fiction.
Genre: Bildungsromans.
Queer fiction.
Sports fiction.
LDR 02537cam a2200505 i 4500
001459869
003LARL_NWRL_CONSORTIUM
00520250905211135.0
008240908s2025 nju d 000 f eng d
010 . ‡a 2024942334
040 . ‡aYDX ‡beng ‡erda ‡erda ‡cYDX ‡dOCLCO ‡dBDX ‡dIG# ‡dOCLCQ ‡dOCLCO ‡dHBP ‡dOCLCO ‡dCGB ‡dVRP
020 . ‡a9781646145027 ‡q(hardcover)
020 . ‡a164614502X ‡q(hardcover)
035 . ‡a(OCoLC)1455106546
08204. ‡a[Fic] ‡223
1001 . ‡aZeller, Victoria, ‡eauthor.
24510. ‡aOne of the boys / ‡cVictoria Zeller.
264 1. ‡aMontclair, NJ : ‡bLevine Querido, ‡c2025.
300 . ‡a331 pages ; ‡c24 cm.
336 . ‡atext ‡btxt ‡2rdacontent
337 . ‡aunmediated ‡bn ‡2rdamedia
338 . ‡avolume ‡bnc ‡2rdacarrier
520 . ‡a"Grace Woodhouse has left a lot behind. She used to have a great friend group, an amazing girlfriend, and a right foot set to earn her a Division I football scholarship-before she came out as trans. As senior year begins, Grace is struggling to find her place in early transition, new social circles, and a life without football. But when her skills as the best kicker in the state prove to be vital, her old teammates beg her to come out of retirement, dragging her back into a sport-into a way of life-she thought had turned its back on her forever. When a chance meeting cracks the door to college football back open, she has to decide how much of herself she's willing to give up for the game she loves"-- ‡cProvided by publisher.
650 0. ‡aTransgender athletes ‡vFiction.
650 0. ‡aTransgender people ‡vFiction.
650 0. ‡aFootball players ‡vFiction. ‡0(LARL_NWRL_CONSORTIUM)164977
650 0. ‡aTransgender athletes ‡vJuvenile fiction.
650 0. ‡aTransgender people ‡vJuvenile fiction.
650 1. ‡aTransgender people ‡vFiction.
650 1. ‡aAthletes ‡vFiction.
650 1. ‡aFootball players ‡vFiction. ‡0(LARL_NWRL_CONSORTIUM)164977
655 7. ‡aBildungsromans. ‡2lcgft
655 7. ‡aQueer fiction. ‡2lcgft
655 7. ‡aSports fiction. ‡2lcgft
901 . ‡a459869 ‡bOCoLC ‡c459869 ‡tbiblio ‡soclc

Additional Resources